000 00569nam a22001697a 4500
005 20251108170919.0
008 250721s1986 xx 000 0 ara d
082 1 4 _a320.1/توف
100 1 _aالرصاص، توفيق عبد الغني
245 1 0 _aأسس العلوم السياسية في ضوء الشريعة الإسلامية /
264 1 _aالقاهره :
_bالهيئة المصرية العامة للكتاب،
_c1986.
300 _a259ص
650 1 7 _aالعلوم السياسية
650 1 7 _aالدولة
942 _2ddc
_cBK
999 _c51984
_d51984